Statistics for Word Scramble - Car Brands

Click here to take the quiz!

General Stats

  • This quiz has been taken 855 times
  • The average score is 35 of 56

Answer Stats

Clue Country Answer % Correct
MWBGermanyBMW
96%
ttaooyJapanToyota
94%
iferarrItalyFerrari
94%
zdmaaJapanMazda
93%
rguaajUKJaguar
92%
dauiGermanyAudi
90%
akiSouth KoreaKia
89%
naodhJapanHonda
89%
decseermGermanyMercedes
89%
loovvSwedenVolvo
89%
rfodUSAFord
89%
euxlsJapanLexus
88%
tfaiItalyFiat
87%
dcalialcUSACadillac
87%
iinmUKMini
86%
kzuuisJapanSuzuki
86%
nduiayhSouth KoreaHyundai
85%
ruabsuJapanSubaru
84%
epejUSAJeep
82%
geoddUSADodge
82%
roetlechvUSAChevrolet
82%
bsaaSwedenSaab
82%
bhsiistuimJapanMitsubishi
82%
siasnnJapanNissan
82%
wsangeoklvGermanyVolkswagen
82%
atseSpainSEAT
69%
rysrelhcUSAChrysler
66%
faal eromoItalyAlfa Romeo
66%
glhbmiioanrItalyLamborghini
66%
teylenbUKBentley
66%
guatbtiFranceBugatti
63%
goetpueFrancePeugeot
58%
riatsaemItalyMaserati
58%
nlda rrevoUKLand Rover
57%
eoowadSouth KoreaDaewoo
57%
oadksCzech RepublicSkoda
56%
eoplGermanyOpel
54%
oslrl yoecrUKRolls Royce
52%
vreroUKRover
50%
hspeocrGermanyPorsche
46%
osnta irntamUKAston Martin
45%
hllxauavUKVauxhall
45%
rasmtGermanySmart
44%
ruehmmUSAHummer
42%
oienrtcFranceCitroen
41%
eutrlanFranceRenault
40%
sealtUSATesla
37%
caaidRomaniaDacia
32%
rneaclmUKMcLaren
28%
dlneohAustraliaHolden
24%
ogsikegngeSwedenKoenigsegg
18%
ahcbamyGermanyMaybach
16%
oorntpMalaysiaProton
15%
rmngaoUKMorgan
14%
aaignpArgentinaPagani
14%
raetttasmMexicoMastretta
2%

Score Distribution

Percentile by Number Answered

Percent of People with Each Score

Your Score History

You have not taken this quiz